| 000 | 00578nam a2200181 a 4500 | ||
|---|---|---|---|
| 005 | 20140412111306.0 | ||
| 008 | 010503s19uu xx 00 eng d | ||
| 020 | _a0-525-45722-4 | ||
| 050 |
_aTR(PS E _bDa14 1996 |
||
| 100 | _aKopper, Lisa | ||
| 245 |
_aDaisy is a mommy / _cLisa Kopper. |
||
| 260 |
_aNew York : _bDutton Children's Books, _c1996. |
||
| 300 | _a1v. (unp.) ; ill. | ||
| 520 | _aShe is as busy as any new mom-but she still has time for some of her old tricks . . . | ||
| 650 | _aChildren's stories | ||
| 650 | _aMommies and babies-Stories | ||
| 999 |
_c103703 _d103703 |
||